书目信息 |
| 题名: |
理论社会心理学
|
|
| 作者: | 石俊杰 主编 | |
| 分册: | ||
| 出版信息: | 保定 河北大学出版社 1998 |
|
| 页数: | 448页 | |
| 开本: | 20cm | |
| 丛书名: | ||
| 单 册: | ||
| 中图分类: | C912.6 , B84 | |
| 科图分类: | ||
| 主题词: | 社会心理学--高等学校--教材 , 心理学 | |
| 电子资源: | ||
| ISBN: | 7-81028-456-8 | |
| 000 | 00659nam0 2200241 450 | |
| 001 | 1555052830 | |
| 005 | 20150124151803.84 | |
| 010 | @a7-81028-456-8@dCNY15.00 | |
| 100 | @a20021005d1998 em y0chiy0110 ea | |
| 101 | 0 | @achi |
| 102 | @aCN@b130000 | |
| 105 | @ay z 000yy | |
| 200 | 1 | @a理论社会心理学@9li lun she hui xin li xue@f石俊杰主编 |
| 210 | @a保定@c河北大学出版社@d1998 | |
| 215 | @a448页@d20cm | |
| 300 | @a河北大学教材出版基金资助出版 | |
| 606 | 0 | @a社会心理学@x高等学校@x教材 |
| 606 | 0 | @a心理学 |
| 690 | @aC912.6@v5 | |
| 690 | @aB84@v4 | |
| 701 | 0 | @a石俊杰@9shi jun jie@4主编 |
| 801 | 0 | @aCN@bTSSF@c20150115 |
| 905 | @aZUCC@dB84@eJY32 | |
| 理论社会心理学/石俊杰主编.-保定:河北大学出版社,1998 |
| 448页;20cm |
| 河北大学教材出版基金资助出版 |
| ISBN 7-81028-456-8:CNY15.00 |
| ● |
| 相关链接 |
|
|
|
|
正题名:理论社会心理学
索取号:B84/JY32
 
预约/预借
| 序号 | 登录号 | 条形码 | 馆藏地/架位号 | 状态 | 备注 |
| 1 | 7846198 | 278461987 | 学院路分馆/ [索取号:B84/JY32] | 在馆 |